Alle Ruhrbahn Linien (Essen) - Statistiken

Allgemein
  • Dieses Quiz wurde 70 mal gespielt
  • Das Durchschnittsergebnis liegt bei 47 aus 102
Antwortstatistiken
Start - Ziel Über Linie % Korrekt
Altenessen Bf. - Bredeney Essen Hbf 108
89%
Phillipusstift - Helenenstr. Helenenstr. - Essen Hbf - Rüttenscheid 101
87%
Wertstr. - Steele S Borbeck - Altendorf - Rathaus Essen 103
87%
Helenenstr. - Germaniaplatz Rüttenscheid - Essen Hbf - Helenenstr. 106
87%
Gelsenkirchen Hbf - Bredeney Katernberg - Zollverein - Essen Hbf 107
87%
Berliner Platz - Mülheim Hbf Essen Hbf - MH Rhein Ruhr Zentrum U18
87%
Messe/Gruga - GE Buerer Str Rüttenscheid - Essen Hbf - Altenessen - E-Karnap U11
84%
Margarethenhöhe - Karlsplatz Holsterhausen - Essen Hbf U17
84%
Unterstr. - Finefraustr. Altendorf - Essen Hbf - Bergerhausen 105
82%
Breilsort - Steele S Holsterhausen - Rathaus Essen 109
82%
Abzw. Aktienstr. - MH Kaiserplatz MH-Winkhausen - MH Stadtmitte 104
76%
Stadtwaldplatz - Grimbergstr. Annental - Steele 144
73%
Essen Hbf - Wackenberg Kray 146
73%
Borbeck Bf. - Steele S Kray - Schonnebeck - Katernberg - Altenessen 170
73%
Kupferdreh Bf. - Hattingen Mitte S HAT-Niederwenigern 141
71%
Borbeck Bf. - OB Fröbelplatz E-Frintrop - Oberhausen Hbf - OB-Alstaden 143
71%
Erbach - Heisingen Baldeneysee Essen Hbf - Stadtwald 145
71%
Dellwig Bf. - HAT. Märkische Str. Essen Hbf - Steele - Burgaltendorf 166
71%
Borbeck Bf. - OB Neue Mitte Dellwig - Frintrop 185
71%
Schölerpad - Bottrop ZOB/Berliner Platz Altendorf - Schönebeck - Borbeck 186
71%
Erbach - Gelsenkirchen Hbf Bredeney - Stadtwald - Steele - Kray 194
71%
Kettwiger Markt - MH HafenCenter MH-Mintard - MH-Saarn - MH-Broich - MH-Speldorf 134
69%
Borbeck Bf. - Ernestinenstr. Altenessen 140
69%
Bth. Ruhrallee - Kettwig S Annental - Rüttenscheid - Messe 142
69%
Kettwiger Markt - MH Rhein-Ruhr-Zentrum MH Stadtmitte - Mülheim Hbf - MH-Heißen 151
69%
Bth. Ruhrallee - Kraspothstr. Essen Hbf 154
69%
Kupferdreh Bf. - GE Achternbergstr. Essen Hbf 155
69%
Borbeck Bf. - Ernestinenstr. Rüttenscheid 160
69%
Schölerpad - Ernestinenstr. Rüttenscheid 161
69%
Werden S - Werden S Fischlaken - Heidhausen 182
69%
Karlsplatz - Katernberger Markt Altenessen - Stoppenberg 183
69%
Steele S - Steele S Freisenbruch - Hörsterfeld 184
69%
Boyer Str. - GLA Oberhof Bottrop 189
69%
Werden S - RuhrlandklinikRuhrlandklinik - Heidhauser Platz 190
69%
Werden S - Werden S Heidhausen - Fischlaken 192
69%
Bth. Schweriner Str. - Hornbach Essen Hbf - Vogelheim 196
69%
MH Rhein-Ruhr-Zentrum - Mülheim Hbf Erbach - MH-Raadt - MH Wasserstr. - MH Stadtmitte 130
67%
Kettwiger Markt - Burgaltendorf Burgruine Werden - Kupferdreh 180
67%
Altersheim - Heisingen Baldeneysee Kupferdreh 153
64%
Steele S - Steele S Hörsterfeld - Freisenbruch 164
64%
Margarethenhöhe - Velbert ZOB Bredeney - Werden - Heidhausen 169
64%
Erbach - MH-Broich Friedhof MH-Heißen - MH-Holthausen - MH-Saarn 139
62%
Steele S - Eiberg Kirche Freisenbruch 174
62%
Burgaltendorf Burgruine - HAT. Schwimmbrücke 159
60%
Karlsplatz - Karlsplatz Altenessen Mitte - Rahmviertel 162
60%
Karlsplatz - Karlsplatz Rahmviertel - Altenessen Bf. 172
60%
Karlsplatz - Katernberger Markt 173
60%
Stadtwaldplatz - Augustinum 175
60%
Steele S - Marienbergstr. Überruhr 177
60%
Breilsort - MH-Broich Friedhof MH-Heißen - MH-Styrum - MH-Speldorf 129
58%
Essen Hbf - BOT St.-Anto.-Hospital/Gartenstr. Universität - Bottrop Hbf - BOT ZOB/Berliner Pl. - Grafenwald SB16
47%
Essen Hbf - Heiligenhaus Rathaus Velbert ZOB SB19
44%
Essen Hbf - GE Essener Str. Altenessen - Karnap NE1
42%
Essen Hbf - Erbach Frohnhausen - MH Rosendeller Str. NE10
40%
Essen Hbf - Oberhausen Hbf Altendorf - Frintrop NE11
40%
Essen Hbf - Borbeck Bf. Altendorf - Bergeborbeck - Dellwig NE12
40%
Essen Hbf - Kettwig S Rüttenscheid NE13
40%
Bergeborbeck Bf. - Kray Nord Bf. Holsterhausen - Huttrop - Steele NE14
40%
Kray Nord Bf. - Borbeck Bf. Schonnebeck - Katernberg - Altenessen NE15
40%
Essen Hbf - Bottrop ZOB/Berliner Platz Bergeborbeck - Dellwig NE16
40%
Essen Hbf - GE Trabrennbahn NE2
40%
Essen Hbf - Rodenseelbrücke Schonnebeck - Kray NE3
40%
Essen Hbf - Burgaltendorf Burgruine Frillendorf - Steele - Überruhr NE4
40%
Essen Hbf - Hörsterfeld Huttrop - Steele NE5
40%
Essen Hbf - Kupferdreh Bf. Rellinghausen - Überruhr NE6
40%
Essen Hbf - Hesingen Baldeneysee Stadtwald NE7
40%
Essen Hbf - Velbert ZOB Bredeney - Werden NE8
40%
Essen Hbf - Hatzper Str. Holsterhausen - Margarethenhöhe NE9
40%
Essen Hbf - Burgaltendorf Burgruine Überruhr SB15
40%
OB Steeler Str. - An Don Bosco Bedingrade E23
13%
OB Steeler Str. - An Don Bosco Bedingrade E25
13%
Langhölter Weg - Fürstäbtissinstr. Gerschede E26
13%
Heißener Str. - An Don BoscoHeißener Str. - Germaniaplatz Leimgardsfeld - Heißenerstr. Borbeck E27
13%
Unterstr. - An Don BoscoLeimgardsfeld - Unterstr. Bedingrade E29
13%
Kray Nord Bf. - Bredeneyer Kreuz Steele - Stadtwald E34
13%
Burgaltendorf Burgruine - Werdener Markt Kupferdreh E35
13%
Porthofplatz - Stadtwaldplatz Bredeney - Stadtwald E38
13%
Marienbergstr. - BrederbachschuleKettwiger Markt - Marienbergstr. Werden E36
11%
HAT. Märkische Str. - BredeneyWerdener Markt - HAT. Märkische Str. Kupferdreh E37
11%
Bredeney - Heidhauser Platz Werden E39
11%
Heisingen Baldeneysee - Bredeneyer Kreuz Stadtwald E40
11%
Kettwiger Markt - Brederbachschule E42
11%
Margarethenhöhe - Bredeneyer Kreuz E43
11%
Heisingen Baldeneysee - Porthofplatz Stadtwald E48
11%
Werdener Markt - Nöckersberg Kupferdreh E49
11%
Albert-Schweitzer-Str. - Kray Süd Bf. Freisenbruch - Steele E56
11%
Dilldorfer Höhe - Steele SJacob-Weber-Str. - Kupferdreh Bf. HolthausenÜberruhr E57
11%
Schulte-Hinsel-Str. - Burgaltendorf Burgruine E58
11%
Eiberg Kirche - Kray Süd Bf. Steele E59
11%
Von-Ossietzky-Ring - WolfskuhleWolfskuhle - Hörsterfeld Hörsterfeld -SteeleSteele E60
11%
Kray Süd Bf. - Albert-Schweitzer-Str. Steele E69
11%
Burgaltendorf Burgruine - Stadtwaldplatz Rellinghausen E71
11%
GE Achternbergstr. - Grendplatz Kray E72
11%
Dilldorfer Höhe - StadtwaldplatzAnnental - Dilldorfer Höhe Überruhr - RellinghausenÜberruhr E74
11%
Annental - Burgaltendorf Burgruine Überruhr E75
11%
Annental - Erbach Stadtwald E76
11%
Porthof Platz - Rellinghausen Rathaus Stadtwald E77
11%
GE Auf der Reihe - Abzw. Katernberg E81
11%
Fliegenbusch - Ernestinenstr. Altenessen E82
11%
Karlsplatz - Gustav-Heinemann-GSGustav-Heinemann-GS - Ernestinenstr. Ernestinenstr. - Karlsplatz Stoppenberg E83
11%
Behaimring - Universität Kray - Rathaus Essen E90
11%
Messe/Gruga - Karstadt Hauptverwaltung E91
11%
Keine übereinstimmenden Quizze gefunden
Verteilung der Resultate
Anzahl Personen mit jedem Resultat
Perzentil nach korrekt beantworteten Fragen
Ihre Resultats-Entwicklung
Sie haben dieses Quiz noch nicht gespielt